| 000 | 00497 a2200193 4500 | ||
|---|---|---|---|
| 005 | 20250421114805.0 | ||
| 008 | 250421b |||||||| |||| 00| 0 eng d | ||
| 020 |
_a9789389261877 _cRs. 295.00 |
||
| 040 | _aMAIN | ||
| 082 |
_a570.15195 _bK959B(2) |
||
| 100 | _aKulkarni, A P | ||
| 245 | _aBasis of biostatistics | ||
| 250 | _a2nd | ||
| 260 |
_bCBS Publishers and Distributors _c2024 _aNew Delhi |
||
| 300 | _axi, 124 | ||
| 650 | _aBiostatistics | ||
| 650 | _aData Collection | ||
| 942 | _cBK | ||
| 999 |
_c359576 _d359576 |
||